Southville International School and Colleges
Your cart is empty.
  • Cart
  • Lists
    Public lists Eva Luna New books Lux_list list_1
    Your lists Log in to create your own lists
  • Log in to your account
  • Your cookies
  • Search history
Southville International School and Colleges
  • Advanced search
  • Recent comments
  • Most popular
  • Libraries

Log in to your account

Log in with GOOGLE


If you do not have an external account, but do have a local account, you can still log in:

  1. Home
  2. MARC view: Physics :
Normal view MARC view ISBD view

Physics : (Record no. 6396)

[ view plain ]
MARC details
000 -LEADER
fixed length control field 00544nam a22001937a 4500
003 - CONTROL NUMBER IDENTIFIER
control field OSt
005 - DATE AND TIME OF LATEST TRANSACTION
control field 20151203143814.0
008 - FIXED-LENGTH DATA ELEMENTS--GENERAL INFORMATION
fixed length control field 130711t xxu||||| |||| 00| 0 eng d
020 ## - INTERNATIONAL STANDARD BOOK NUMBER
International Standard Book Number 9780435994426
050 ## - LIBRARY OF CONGRESS CALL NUMBER
Classification number QC 32
Item number .H229 2009
082 ## - DEWEY DECIMAL CLASSIFICATION NUMBER
Classification number IB 530
Item number H17-hl 2009
100 ## - MAIN ENTRY--PERSONAL NAME
Personal name Hamper, Chris
245 ## - TITLE STATEMENT
Title Physics :
Remainder of title higher level (plus standard level options)
Statement of responsibility, etc Chris Hamper
260 ## - PUBLICATION, DISTRIBUTION, ETC. (IMPRINT)
Place of publication, distribution, etc England :
Name of publisher, distributor, etc Pearson Baccalaureate
Date of publication, distribution, etc c2009.
300 ## - PHYSICAL DESCRIPTION
Extent xii, 620 pages. :
Other physical details col. ill. ;
562 ## - COPY AND VERSION IDENTIFICATION NOTE
Number of copies 1
942 ## - ADDED ENTRY ELEMENTS (KOHA)
Source of classification or shelving scheme Library of Congress Classification
Koha item type Books
Holdings
Withdrawn status Lost status Source of classification or shelving scheme Damaged status Home library Current library Shelving location Date acquired Total Checkouts Total Renewals Full call number Barcode Date last seen Date checked out Copy number Price effective from Koha item type
    Library of Congress Classification   Luxembourg Library Luxembourg Library International Baccalaureate Section 07/11/2013 4 11 QC 32 .H229 2009 17447 11/05/2024 09/17/2024 1 07/11/2013 Books

Physics :

APA

Hamper C., . (2009). Physics. England: Pearson Baccalaureate.

Chicago

Hamper Chris, . 2009. Physics. England: Pearson Baccalaureate.

Harvard

Hamper C., . (2009). Physics. England: Pearson Baccalaureate.

MLA

Hamper Chris, . Physics. England: Pearson Baccalaureate. 2009.

  • Place hold
  • Print
  • Cite
  • Add to your cart (remove)
  • Save record
    BIBTEX Dublin Core MARCXML MARC (non-Unicode/MARC-8) MARC (Unicode/UTF-8) MARC (Unicode/UTF-8, Standard) MODS (XML) RIS
  • More searches
    Search for this title in:
    Other Libraries (WorldCat) Other Databases (Google Scholar) Online Stores (Bookfinder.com) Open Library (openlibrary.org)

Exporting to Dublin Core...

SOUTHVILLE LIBRARY

Southville International School and Colleges Library

1281 Tropical Ave. Cor. Luxembourg St., BF Homes International, Las Pinas City

Tel. No. 8256374 / 252358 Loc. 117/146

Powered by Koha